<?xml version="1.0" encoding="UTF-8"?>
<record
    xmlns:xsi="http://www.w3.org/2001/XMLSchema-instance"
    xsi:schemaLocation="http://www.loc.gov/MARC21/slim http://www.loc.gov/standards/marcxml/schema/MARC21slim.xsd"
    xmlns="http://www.loc.gov/MARC21/slim">

  <leader>00348nam a22001457a 4500</leader>
  <controlfield tag="003">OSt</controlfield>
  <controlfield tag="005">20220207144306.0</controlfield>
  <controlfield tag="008">220207b        |||||||| |||| 00| 0 eng d</controlfield>
  <datafield tag="020" ind1=" " ind2=" ">
    <subfield code="a">007056884-7</subfield>
  </datafield>
  <datafield tag="040" ind1=" " ind2=" ">
    <subfield code="c">H U</subfield>
  </datafield>
  <datafield tag="082" ind1=" " ind2=" ">
    <subfield code="a">621.8</subfield>
  </datafield>
  <datafield tag="100" ind1=" " ind2=" ">
    <subfield code="a">Shigley Joseph Edward</subfield>
    <subfield code="9">29815</subfield>
  </datafield>
  <datafield tag="245" ind1=" " ind2=" ">
    <subfield code="a">Theory Of Machines And Mechanisms</subfield>
  </datafield>
  <datafield tag="942" ind1=" " ind2=" ">
    <subfield code="2">ddc</subfield>
    <subfield code="c">BOOKS</subfield>
    <subfield code="n">0</subfield>
  </datafield>
  <datafield tag="999" ind1=" " ind2=" ">
    <subfield code="c">29389</subfield>
    <subfield code="d">29389</subfield>
  </datafield>
  <datafield tag="952" ind1=" " ind2=" ">
    <subfield code="0">0</subfield>
    <subfield code="1">0</subfield>
    <subfield code="2">ddc</subfield>
    <subfield code="4">0</subfield>
    <subfield code="7">0</subfield>
    <subfield code="a">006</subfield>
    <subfield code="b">006</subfield>
    <subfield code="c">GEN</subfield>
    <subfield code="d">2022-02-07</subfield>
    <subfield code="l">0</subfield>
    <subfield code="o">621.8/SHI/1981</subfield>
    <subfield code="p">IOTL0010402</subfield>
    <subfield code="r">2022-02-07 00:00:00</subfield>
    <subfield code="t">1</subfield>
    <subfield code="w">2022-02-07</subfield>
    <subfield code="y">BOOKS</subfield>
  </datafield>
  <datafield tag="952" ind1=" " ind2=" ">
    <subfield code="0">0</subfield>
    <subfield code="1">0</subfield>
    <subfield code="2">ddc</subfield>
    <subfield code="4">0</subfield>
    <subfield code="7">0</subfield>
    <subfield code="a">006</subfield>
    <subfield code="b">006</subfield>
    <subfield code="c">GEN</subfield>
    <subfield code="d">2022-02-07</subfield>
    <subfield code="l">0</subfield>
    <subfield code="o">621.8/SHI/1981</subfield>
    <subfield code="p">IOTL0010403</subfield>
    <subfield code="r">2022-02-07 00:00:00</subfield>
    <subfield code="t">2</subfield>
    <subfield code="w">2022-02-07</subfield>
    <subfield code="y">BOOKS</subfield>
  </datafield>
  <datafield tag="952" ind1=" " ind2=" ">
    <subfield code="0">0</subfield>
    <subfield code="1">0</subfield>
    <subfield code="2">ddc</subfield>
    <subfield code="4">0</subfield>
    <subfield code="7">0</subfield>
    <subfield code="a">006</subfield>
    <subfield code="b">006</subfield>
    <subfield code="c">GEN</subfield>
    <subfield code="d">2022-02-07</subfield>
    <subfield code="l">0</subfield>
    <subfield code="o">621.8/SHI/1981</subfield>
    <subfield code="p">IOTL0010404</subfield>
    <subfield code="r">2022-02-07 00:00:00</subfield>
    <subfield code="t">3</subfield>
    <subfield code="w">2022-02-07</subfield>
    <subfield code="y">BOOKS</subfield>
  </datafield>
  <datafield tag="952" ind1=" " ind2=" ">
    <subfield code="0">0</subfield>
    <subfield code="1">0</subfield>
    <subfield code="2">ddc</subfield>
    <subfield code="4">0</subfield>
    <subfield code="7">0</subfield>
    <subfield code="a">006</subfield>
    <subfield code="b">006</subfield>
    <subfield code="c">GEN</subfield>
    <subfield code="d">2022-02-07</subfield>
    <subfield code="l">0</subfield>
    <subfield code="o">621.8/SHI/1981</subfield>
    <subfield code="p">IOTL0010405</subfield>
    <subfield code="r">2022-02-07 00:00:00</subfield>
    <subfield code="t">4</subfield>
    <subfield code="w">2022-02-07</subfield>
    <subfield code="y">BOOKS</subfield>
  </datafield>
</record>
